Normal view
MARC view
- Doebelin, Ernest O
Entry Personal Name
001 - CONTROL NUMBER
- control field: 6727
003 - CONTROL NUMBER IDENTIFIER
- control field: OSt
005 - DATE AND TIME OF LATEST TRANSACTION
- control field: 20250101161011.0
008 - FIXED-LENGTH DATA ELEMENTS
- fixed length control field: 250101|| aca||aabn | a|a d
040 ## - CATALOGING SOURCE
- Original cataloging agency: OSt
- Transcribing agency: OSt
100 ## - HEADING--PERSONAL NAME
- Personal name: Doebelin, Ernest O
670 ## - SOURCE DATA FOUND
- Source citation: Work cat.: (OSt)1388: Doebelin, Ernest O ., Measurement System : Application and design / , 1983.
